000
00229nam a2200097Ia 4500
001
679965
005
20250826161332.0
008
250824s9999 xx 000 0 und d
245
0
_a
KELOĞLAN MASALLAR
_c
KOMİSYON
260
_b
PARILTI
999
_c
679965
_d
679965